Apuntes manuscritos del Dr. Ignacio Vázquez Gómez : gran maderista, hijo de Ignacio (o Francisco) Vázquez Gómez, compañero de Madero /
Cuaderno con notas de datos sueltos como referencia a artículos periodísticos relacionados al prócer de la revolución Francisco I. Madero. La obra es un documento que el padre Gómez Fregoso compró en 1973 a un alumno del ITESO.
محفوظ في:
| المؤلف الرئيسي: | |
|---|---|
| التنسيق: | كتاب |
| اللغة: | الإسبانية |
| الموضوعات: | |
| الوسوم: |
لا توجد وسوم, كن أول من يضع وسما على هذه التسجيلة!
|
MARC
| LEADER | 00000nam^a2200000^a^4500 | ||
|---|---|---|---|
| 001 | 000380964 | ||
| 005 | 20250526000000.0 | ||
| 009 | 20260310120629.778 | ||
| 037 | |a Acervo Xavier Clavigero | ||
| 041 | |a ESP | ||
| 082 | |a 972. 0611 |b VAZ | ||
| 100 | |a Vázquez Gómez, Ignacio |e (autor) | ||
| 245 | 1 | 0 | |a Apuntes manuscritos del Dr. Ignacio Vázquez Gómez : |b gran maderista, hijo de Ignacio (o Francisco) Vázquez Gómez, compañero de Madero / |c I. Vázquez Gómez. |
| 264 | |a lugar de publicación no identificado : |b editorial no identificada, |c fecha no identificada | ||
| 300 | |a 1 v. (sin paginación) ; |c 29.5 cm. | ||
| 520 | |a Cuaderno con notas de datos sueltos como referencia a artículos periodísticos relacionados al prócer de la revolución Francisco I. Madero. La obra es un documento que el padre Gómez Fregoso compró en 1973 a un alumno del ITESO. | ||
| 561 | |a Ex libris de Jesús Gómez Fregoso | ||
| 649 | |a XX | ||
| 650 | |a Revolucionarios Mexicanos | ||
| 650 | |a Políticos Mexicanos | ||
| 650 | |a Jefes de Estado Mexicanos | ||
| 650 | |a México - |x Historia - |y Siglo XX | ||
| 650 | |a México - |x Historia - |y 1910-1946 | ||
| 650 | |a México - |x Historia - |y Revolución, 1910-1917 | ||
| 650 | |a México - |x Historia - |y Revolución Maderista, 1910-1911 | ||
| 650 | |a Madero, Francisco I. - |x Tema Principal | ||
| 910 | |a Fondo General | ||
| 920 | |a Impresos - Documentos Manuscritos y Mecanoscritos | ||
| 930 | |a Libros Antiguos y Raros | ||
| 905 | |a 108 | ||
| 901 | |a 0500276138 |b IT2 |c LRA |u 20250526 | ||
| 902 | |a https://opac.biblio.iteso.mx/vufind/Record/000380964 | ||